000 00435nam a2200157Ia 4500
008 210210b2001 xxu||||| |||| 00| 0 eng d
020 _a81 7581 032 7
082 _a823.009 LALT
100 _a.
245 _aThomas Hardy tess of the D'urbervilles. Ed 21.
250 _a
260 _aNew Delhi.
_bRama Brothers Educational Publishers.,
_c2001
300 _ax,221
650 _aHardy Tess of the D'Curbervilles
906 _a057664
999 _c105317
_d105317